Latimer and another v Carney and another (Record no. 78139)
[ view plain ]
| 000 -LEADER | |
|---|---|
| fixed length control field | 02030cab a2200301 4500 |
| 001 - CONTROL NUMBER | |
| control field | L136104 |
| 008 - FIXED-LENGTH DATA ELEMENTS--GENERAL INFORMATION | |
| fixed length control field | 070110n2006 000 0 eng u |
| 035 ## - SYSTEM CONTROL NUMBER | |
| System control number | (Sirsi) u136104 |
| 041 0# - LANGUAGE CODE | |
| Language code of text/sound track or separate title | eng |
| 245 00 - TITLE STATEMENT | |
| Title | Latimer and another v Carney and another |
| 260 ## - PUBLICATION, DISTRIBUTION, ETC. | |
| Date of publication, distribution, etc. | 2006 |
| 490 #0 - SERIES STATEMENT | |
| Series statement | Estates Gazette |
| Volume/sequential designation | (0650) 16 December 2006, 86-96(11) |
| 520 ## - SUMMARY, ETC. | |
| Summary, etc. | Discusses a case ([2006] EWCA Civ 1417) where appellant landlord appealed against a decision dismissing their action against their former tenants for breach of a repair covenant in a lease between the parties. The issues on appeal were whether the judge had been right to hold that the landlord had failed to prove the damage to the reversion, whether the landlord should be granted permission to amend their notice of appeal, whether the covenant to redecorate was a repair covenant to which the cap under s.18(1) applied, and whether the judge had been correct to order that the landlord alone should pay the costs of the third respondent in Part 20 proceedings between the tenants. "Held": expert evidence as to the diminution in value of the reversion was not necessary. The judge had correctly found that the court could infer the amount by which the reversion had diminished in value from the evidence as to the estimated cost of the repairs, but the judge had erred in holding that there was no sufficient evidence on the facts of the instant case. |
| 590 ## - LOCAL NOTE (RLIN) | |
| Local note | KA |
| 650 24 - SUBJECT ADDED ENTRY--TOPICAL TERM | |
| Topical term or geographic name entry element | LANDLORD AND TENANT ACT 1927 |
| 650 24 - SUBJECT ADDED ENTRY--TOPICAL TERM | |
| Topical term or geographic name entry element | LANDLORD AND TENANT ACT 1927 S18(1) |
| 650 24 - SUBJECT ADDED ENTRY--TOPICAL TERM | |
| Topical term or geographic name entry element | JOYNER V WEEKS |
| 650 24 - SUBJECT ADDED ENTRY--TOPICAL TERM | |
| Topical term or geographic name entry element | RUXLEY ELECTRONICS AND CONSTRUCTION LTD V FORSYTH |
| 650 24 - SUBJECT ADDED ENTRY--TOPICAL TERM | |
| Topical term or geographic name entry element | HANSON V NEWMAN |
| 650 24 - SUBJECT ADDED ENTRY--TOPICAL TERM | |
| Topical term or geographic name entry element | CREWE SERVICES AND INVESTMENT V SILK |
| 650 24 - SUBJECT ADDED ENTRY--TOPICAL TERM | |
| Topical term or geographic name entry element | JONES V HERXHEIMER |
| 650 24 - SUBJECT ADDED ENTRY--TOPICAL TERM | |
| Topical term or geographic name entry element | SHORTLANDS INVESTMENTS LTD V CARGILL PLC |
| 650 24 - SUBJECT ADDED ENTRY--TOPICAL TERM | |
| Topical term or geographic name entry element | CULWORTH ESTATES LTD V SOCIETY OF LICENSED VITUALLERS |
| 651 #4 - SUBJECT ADDED ENTRY--GEOGRAPHIC NAME | |
| Geographic name | United Kingdom |
| Chronological subdivision | |
| 690 ## - LOCAL SUBJECT ADDED ENTRY--TOPICAL TERM (OCLC, RLIN) | |
| Topical term or geographic name as entry element | PROPERTY-LEASEHOLD PROPERTY-LANDLORD AND TENANT-DILAPIDATIONS |
| 700 1# - ADDED ENTRY--PERSONAL NAME | |
| Personal name | Denyer-Green, Barry P. D. |
| 942 ## - ADDED ENTRY ELEMENTS (KOHA) | |
| Suppress in OPAC | 0 |
| Withdrawn status | Lost status | Source of classification or shelving scheme | Damaged status | Not for loan | Home library | Current library | Shelving location | Date acquired | Total Checkouts | Full call number | Barcode | Date last seen | Copy number | Price effective from | Koha item type |
|---|---|---|---|---|---|---|---|---|---|---|---|---|---|---|---|
| Dewey Decimal Classification | London | London | Journal article | 10/01/2007 | L136104 | 136104-1001 | 06/08/2019 | 1 | 06/08/2019 | Journal article | |||||
| Dewey Decimal Classification | London | London | Journal article | 10/01/2007 | L136104 | 136104-1002 | 06/08/2019 | 2 | 06/08/2019 | Journal article |